000 01200nam a2200313 i 4500
001 8849
003 KOSZ 005
005 20251211063327.0
008 070811s1970 pl a f 000 0 pol
015 _aPB 1970/3593
040 _aWA N
_cWA N
_dKOSZ 005/RW
080 _a69(075):658(075)
100 1 _aKotyński, Stanisław
_eAutor
245 1 0 _aEkonomika i organizacja budownictwa /
_cStanisław Kotyński, Wojciech Obtułowicz, Andrzej Siennicki.
250 _aWyd. 6 zm.
260 _aWarszawa :
_bPaństwowe Wydawnictwo Szkolnictwa Zawodowego,
_c1970.
300 _a337, [2] s., [6] k. tabl. :
_bil. ;
_c23 cm.
380 _aKsiążki.
500 _aWyd. poprz. pt.: Organizacja i ekonomika...
504 _aBibliogr. s. [339].
521 8 _aDla kl. 3-5 Technikum budowl. i drog.
650 4 _aBudownictwo
_xorganizacja.
655 4 _aPodręczniki dla szkół zawodowych
700 1 _aObtułowicz, Wojciech.
700 1 _aSiennicki, Andrzej
710 2 _aPaństwowe Wydawnictwo Szkolnictwa Zawodowego
_4pbl.
856 _uhttp://koha.tu.koszalin.pl/cgi-bin/koha/opac-detail.pl?biblionumber=8849
_yKatalog online BPK
942 _2UKD
_cKS
999 _c8849
_d8849